| 000 | 00497nam a2200205Ia 4500 | ||
|---|---|---|---|
| 003 | OSt | ||
| 005 | 20230609144618.0 | ||
| 008 | 210423s2003 xx 000 0 und d | ||
| 040 | _cAL | ||
| 082 |
_a307.72 HAZM _223 |
||
| 100 |
_aHAZARE (Anna) _9123338 |
||
| 245 | _aMy village my sacred land | ||
| 260 |
_aKochi _c2003 |
||
| 365 | _cINR | ||
| 440 | _v1 | ||
| 650 |
_aRural Communities _9123339 |
||
| 650 |
_aSociology _9123340 |
||
| 906 | _aland ; My ; sacred ; village | ||
| 942 |
_2ddc _cBK |
||
| 999 |
_c174263 _d174263 |
||